01019nam a22002537a 45000010005000000030006000050050017000110080041000280400029000690500014000980820013001121000021001252450182001462500054003282600037003823000061004195050008004805200126004885210023006145210020006376500039006576500030006967000039007268276FISKH20250908102059.0250908b cb ||||| |||| 00| 0 eng d aFISKHbengcFISKHdFISKH aE757 .K47 a973.9092 aKerley, Barbara  aWhat to do about Alice ? : bHow Alice Roosevelt broke the rules, charmed the world, and drove her father Teddy crazy! /cby Barbara Kerley : illustrated by Edwin Fortheringham  aFirst Scholastic paperback printing, October 2008 aNew York : bScholastic ,c2008. a48 unnumbered pages : bcolor illustrations ; c26 cm .  aS  aA brief biography in pictures and simple text of Alice Roosevelt, the daughter of Theodore Roosevelt and his first wife. 8 a800 bLexile AD 8 aS bRaz-Plus  aAlice Roosevelt LongworthvFiction aAlice RooseveltvFiction  aFortheringham, EdwineIllustrator